000 00661nam a2200253 a 4500
003 AR-BaBNM
005 20251128202844.0
008 082120s2002 ||||||||||||||000 | spa||
020 _a84-348-2422-1
040 _cAR-BaBNM
100 1 _aZavrel, Stepán
245 0 0 _aEl último árbol
260 _aMadrid
_bEdiciones S.M.
_c1988
300 _a26 p.
_bil.
490 0 _aCuentos de la torre y la estrella
_vv. 32
650 4 _aLITERATURA INFANTIL
650 4 _aLIBROS PARA NIÑOS
653 _aCUENTO MARAVILLOSO
653 _aLITERATURA FANTASTICA
655 _aLITERATURA
700 1 _aTerzi, Marinella
_etraductor
942 _cBK
998 _cMARTIN
999 _c902
_d902